000 00455nam a2200157 i 4500
001 146500
003 ES-MaACL
005 20230906201546.0
007 t|
008 070911s1932 xxk ||||1| eng d
100 1 _aTrevelyan, George Macaulay.
_9111334
245 1 4 _aThe England of Queen Anne /
_cby George Macaulay Trevelyan.
260 _aLondon :
_bLongmans, Green and Co.,
_c1932.
300 _aVIII, 148 p. ;
_c18 cm.
852 _aES-MaACL
_jA-3886
999 _c146500
_d146500